Differential equations (Record no. 63881)

000 -LEADER
fixed length control field 00497nam a22001937a 4500
003 - CONTROL NUMBER IDENTIFIER
control field NUST - PNEC
005 - DATE AND TIME OF LATEST TRANSACTION
control field 20170116180826.0
008 - FIXED-LENGTH DATA ELEMENTS--GENERAL INFORMATION
fixed length control field 150709b xxu||||| |||| 00| 0 eng d
020 ## - INTERNATIONAL STANDARD BOOK NUMBER
International Standard Book Number 0135981379
040 ## - CATALOGING SOURCE
Transcribing agency LIBRARY
082 ## - DEWEY DECIMAL CLASSIFICATION NUMBER
Classification number 515.3 POL
100 ## - MAIN ENTRY--PERSONAL NAME
9 (RLIN) 4363
Personal name Polking, John
245 ## - TITLE STATEMENT
Title Differential equations
Statement of responsibility, etc. John Polking
250 ## - EDITION STATEMENT
Edition statement -
260 ## - PUBLICATION, DISTRIBUTION, ETC.
Place of publication, distribution, etc. New Jersey
Name of publisher, distributor, etc. Prentice Hall
Date of publication, distribution, etc. c2001.
300 ## - PHYSICAL DESCRIPTION
Extent Various Pages
650 ## - SUBJECT ADDED ENTRY--TOPICAL TERM
9 (RLIN) 4364
Topical term following geographic name entry element Differential equations
General subdivision MIS
942 ## - ADDED ENTRY ELEMENTS (KOHA)
Source of classification or shelving scheme
Koha item type Book
Holdings
Withdrawn status Lost status Source of classification or shelving scheme Damaged status Not for loan Permanent Location Current Location Shelving location Date acquired Source of acquisition Cost, normal purchase price Total Checkouts Full call number Barcode Date last seen Cost, replacement price Price effective from Koha item type
          Pakistan Navy Engineering College (PNEC) Pakistan Navy Engineering College (PNEC)     Donated 4275.00   515.3 POL PNECLIB-030191 07/09/2015 4275.00   Book
© 2023 Central Library, National University of Sciences and Technology. All Rights Reserved.